<?xml version="1.0" encoding="UTF-8"?>
<record
    xmlns:xsi="http://www.w3.org/2001/XMLSchema-instance"
    xsi:schemaLocation="http://www.loc.gov/MARC21/slim http://www.loc.gov/standards/marcxml/schema/MARC21slim.xsd"
    xmlns="http://www.loc.gov/MARC21/slim">

  <leader>01626cam a22004094a 4500</leader>
  <datafield tag="999" ind1=" " ind2=" ">
    <subfield code="c">56767</subfield>
    <subfield code="d">56767</subfield>
  </datafield>
  <controlfield tag="001">14029608</controlfield>
  <controlfield tag="005">20240502103508.0</controlfield>
  <controlfield tag="008">050706s2007    maua     f    001 0 eng  </controlfield>
  <datafield tag="010" ind1=" " ind2=" ">
    <subfield code="a">  2005019335</subfield>
  </datafield>
  <datafield tag="015" ind1=" " ind2=" ">
    <subfield code="a">GBA608384</subfield>
    <subfield code="2">bnb</subfield>
  </datafield>
  <datafield tag="020" ind1=" " ind2=" ">
    <subfield code="a">9780763737610 X</subfield>
  </datafield>
  <datafield tag="041" ind1=" " ind2=" ">
    <subfield code="a">eng</subfield>
  </datafield>
  <datafield tag="042" ind1=" " ind2=" ">
    <subfield code="a">pcc</subfield>
  </datafield>
  <datafield tag="050" ind1="0" ind2="0">
    <subfield code="a">RC669.15</subfield>
    <subfield code="b">.S88 2007</subfield>
  </datafield>
  <datafield tag="060" ind1="1" ind2="0">
    <subfield code="a">WG 39</subfield>
    <subfield code="b">S966b 2007</subfield>
  </datafield>
  <datafield tag="080" ind1=" " ind2=" ">
    <subfield code="a">616.12 S-95</subfield>
  </datafield>
  <datafield tag="100" ind1="1" ind2=" ">
    <subfield code="a">Sutherland, John,</subfield>
    <subfield code="d">1946-</subfield>
    <subfield code="9">261</subfield>
  </datafield>
  <datafield tag="245" ind1="1" ind2="4">
    <subfield code="a">The little black book of cardiology /</subfield>
    <subfield code="c">John A. Sutherland.</subfield>
  </datafield>
  <datafield tag="250" ind1=" " ind2=" ">
    <subfield code="a">2nd ed.</subfield>
  </datafield>
  <datafield tag="260" ind1=" " ind2=" ">
    <subfield code="a">Sudbury, Mass. :</subfield>
    <subfield code="b">Jones and Bartlett Publishers,</subfield>
    <subfield code="c">c2007.</subfield>
  </datafield>
  <datafield tag="300" ind1=" " ind2=" ">
    <subfield code="a">xxi, 385 p. :</subfield>
    <subfield code="b">ill. ;</subfield>
    <subfield code="c">18 cm.</subfield>
  </datafield>
  <datafield tag="440" ind1=" " ind2="0">
    <subfield code="a">Little black book series</subfield>
    <subfield code="9">262</subfield>
  </datafield>
  <datafield tag="500" ind1=" " ind2=" ">
    <subfield code="a">Rev. ed. of: Blackwell's primary care essentials. Cardiology. c2001.</subfield>
  </datafield>
  <datafield tag="500" ind1=" " ind2=" ">
    <subfield code="a">Includes index.</subfield>
  </datafield>
  <datafield tag="650" ind1=" " ind2="0">
    <subfield code="a">Cardiology</subfield>
    <subfield code="v">Handbooks, manuals, etc.</subfield>
    <subfield code="9">263</subfield>
  </datafield>
  <datafield tag="650" ind1=" " ind2="0">
    <subfield code="a">Cardiovascular system</subfield>
    <subfield code="x">Diseases</subfield>
    <subfield code="v">Handbooks, manuals, etc.</subfield>
    <subfield code="9">264</subfield>
  </datafield>
  <datafield tag="650" ind1=" " ind2="0">
    <subfield code="a">Primary care (Medicine)</subfield>
    <subfield code="v">Handbooks, manuals, etc.</subfield>
    <subfield code="9">265</subfield>
  </datafield>
  <datafield tag="650" ind1="1" ind2="2">
    <subfield code="a">Cardiovascular Diseases</subfield>
    <subfield code="x">diagnosis</subfield>
    <subfield code="v">Handbooks.</subfield>
    <subfield code="9">266</subfield>
  </datafield>
  <datafield tag="650" ind1="1" ind2="2">
    <subfield code="a">Cardiovascular Diseases</subfield>
    <subfield code="x">therapy</subfield>
    <subfield code="v">Handbooks.</subfield>
    <subfield code="9">267</subfield>
  </datafield>
  <datafield tag="653" ind1=" " ind2=" ">
    <subfield code="a">&#x10DB;&#x10D4;&#x10D3;&#x10D8;&#x10EA;&#x10D8;&#x10DC;&#x10D0;</subfield>
  </datafield>
  <datafield tag="653" ind1=" " ind2=" ">
    <subfield code="a">&#x10D9;&#x10D0;&#x10E0;&#x10D3;&#x10D8;&#x10DD;&#x10DA;&#x10DD;&#x10D2;&#x10D8;&#x10D0;</subfield>
  </datafield>
  <datafield tag="700" ind1="1" ind2=" ">
    <subfield code="a">Sutherland, John,</subfield>
    <subfield code="d">1946-</subfield>
    <subfield code="t">Blackwell's primary care essentials.</subfield>
    <subfield code="p">Cardiology.</subfield>
    <subfield code="9">268</subfield>
  </datafield>
  <datafield tag="856" ind1="4" ind2="1">
    <subfield code="3">Table of contents</subfield>
    <subfield code="u">http://www.loc.gov/catdir/toc/ecip0515/2005019335.html</subfield>
  </datafield>
  <datafield tag="906" ind1=" " ind2=" ">
    <subfield code="a">7</subfield>
    <subfield code="b">cbc</subfield>
    <subfield code="c">orignew</subfield>
    <subfield code="d">1</subfield>
    <subfield code="e">ecip</subfield>
    <subfield code="f">20</subfield>
    <subfield code="g">y-gencatlg</subfield>
  </datafield>
  <datafield tag="942" ind1=" " ind2=" ">
    <subfield code="2">udc</subfield>
    <subfield code="c">BK</subfield>
  </datafield>
  <datafield tag="955" ind1=" " ind2=" ">
    <subfield code="a">jc00 2005-07-08</subfield>
    <subfield code="a">aa27 2005-07-08</subfield>
    <subfield code="a">ps05 2006-06-08 1 copy rec'd., to CIP ver.</subfield>
    <subfield code="a">jb00 2006-06-19</subfield>
  </datafield>
  <datafield tag="952" ind1=" " ind2=" ">
    <subfield code="0">0</subfield>
    <subfield code="1">0</subfield>
    <subfield code="2">udc</subfield>
    <subfield code="4">0</subfield>
    <subfield code="6">61612_S95</subfield>
    <subfield code="7">0</subfield>
    <subfield code="9">82757</subfield>
    <subfield code="a">CPL</subfield>
    <subfield code="b">CPL</subfield>
    <subfield code="c">GEN</subfield>
    <subfield code="d">2019-04-20</subfield>
    <subfield code="g">89.00</subfield>
    <subfield code="o">616.12 S-95</subfield>
    <subfield code="p">67952</subfield>
    <subfield code="r">2019-04-20</subfield>
    <subfield code="t">67952</subfield>
    <subfield code="w">2019-04-20</subfield>
    <subfield code="y">BK</subfield>
    <subfield code="z">89 &#x10DA;.</subfield>
  </datafield>
</record>
